[Event "Rome Nobile Memorial 3rd"]
[Site "Rome"]
[Date "2010.02.11"]
[Round "6"]
[White "Macri, Giuseppe"]
[Black "Musmarra, Giovanni"]
[Result "0-1"]
[WhiteElo "1248"]
[BlackElo "1735"]
[PlyCount "72"]
[EventDate "2010.01.14"]
[EventType "swiss"]
[EventRounds "6"]
[EventCountry "ITA"]
[SourceTitle "EXT 2024"]
[Source "ChessBase"]
[SourceDate "2023.10.10"]
[SourceVersion "1"]
[SourceVersionDate "2023.10.10"]
[SourceQuality "1"]

1. e4 e5 2. Nf3 Nc6 3. Nc3 Nf6 4. a3 d5 5. Bd3 Bc5 6. b4 Bd4 7. Nxd4 exd4 8. Ne2 dxe4 9. Bb5 0-0 10. Bb2 d3 11. Ng3 Bg4 12. Qc1 dxc2 13. h3 Be6 14. Qxc2 Nd4 15. Bxd4 Qxd4 16. 0-0 c6 17. Ba4 b5 18. Ne2 Qd7 19. Bb3 Bxb3 20. Qxb3 Qxd2 21. Ng3 Rfe8 22. Rad1 Qg5 23. Rfe1 Qf4 24. Rd6 Qxd6 25. Nf5 Qd2 26. Rd1 Qe2 27. Rc1 Re6 28. Nd4 Qd3 29. Qxd3 exd3 30. Nxe6 fxe6 31. Kf1 Rd8 32. Rd1 Ne4 33. f3 Nc3 34. Rd2 Nb1 35. Rd1 d2 36. Ke2 Nc3+ 0-1

[Event "Rome Nobile Memorial 3rd"]
[Site "Rome"]
[Date "2010.01.28"]
[Round "3"]
[White "Musmarra, Giovanni"]
[Black "Baruffaldi, Giuseppe"]
[Result "1/2-1/2"]
[WhiteElo "1735"]
[BlackElo "1655"]
[PlyCount "113"]
[EventDate "2010.01.14"]
[EventType "swiss"]
[EventRounds "6"]
[EventCountry "ITA"]
[SourceTitle "EXT 2024"]
[Source "ChessBase"]
[SourceDate "2023.10.10"]
[SourceVersion "1"]
[SourceVersionDate "2023.10.10"]
[SourceQuality "1"]

1. e4 c5 2. Nf3 d6 3. d4 cxd4 4. Nxd4 Nf6 5. Nc3 g6 6. Be3 Bg7 7. Bc4 0-0 8. f3 Nc6 9. Qd2 Bd7 10. 0-0-0 Ne5 11. Bb3 Qa5 12. Bh6 Rfc8 13. Bxg7 Kxg7 14. h4 Nc4 15. Bxc4 Rxc4 16. Nb3 Qa6 17. h5 Rac8 18. Kb1 Ba4 19. hxg6 fxg6 20. Qh6+ Kf7 21. Nd5 Rh8 22. Nf4 Bxb3 23. cxb3 Rc5 24. Nxg6 Rg8 25. Nf4 Rcg5 26. g4 Qb5 27. Nd5 R8g6 28. Qh2 Rg7 29. Nxf6 Kxf6 30. Qh6+ Kf7 31. Qh2 Qc5 32. Qf4+ Kg8 33. Rc1 Rf7 34. Qd2 Qe5 35. Rc8+ Kg7 36. Rf1 Rxg4 37. Qe2 Rg6 38. Rc7 d5 39. Rxb7 dxe4 40. Rxa7 Qg5 41. Ra4 exf3 42. Qe4 f2 43. Rc4 Qf5 44. Qxf5 Rxf5 45. Rcc1 e5 46. Kc2 Rg3 47. Kd2 e4 48. Ke2 e3 49. Rc3 Re5 50. a4 Rg1 51. Rcc1 Rg6 52. b4 Rd6 53. Rc3 Rf6 54. b5 Rf4 55. b3 Kf6 56. Rc4 Kg5 57. b6 1/2-1/2

[Event "Rome Elo op 5th"]
[Site "Rome"]
[Date "2009.10.14"]
[Round "4"]
[White "Musmarra, Giovanni"]
[Black "Amato, Paolo"]
[Result "1-0"]
[WhiteElo "1738"]
[BlackElo "1314"]
[PlyCount "61"]
[EventDate "2009.09.16"]
[EventType "swiss"]
[EventRounds "5"]
[EventCountry "ITA"]
[SourceTitle "EXT 2012"]
[Source "ChessBase"]
[SourceDate "2011.11.24"]
[SourceVersion "1"]
[SourceVersionDate "2011.11.24"]
[SourceQuality "1"]

1. e4 c5 2. Nf3 Nc6 3. d4 cxd4 4. Nxd4 e5 5. Nb5 a6 6. Nd6+ Bxd6 7. Qxd6 Qe7 8. Qd1 b5 9. c4 h6 10. cxb5 axb5 11. Bxb5 Nd4 12. Bd3 Bb7 13. Nc3 Nf6 14. 0-0 Bc6 15. Be3 Qe6 16. f4 Ng4 17. f5 Nxe3 18. fxe6 Nxd1 19. exf7+ Kf8 20. Raxd1 Ra7 21. Bc4 Rc7 22. b3 g5 23. Rf6 Nc2 24. Rdd6 Bb7 25. Rxh6 Rxh6 26. Rxh6 Kg7 27. Rb6 Bc8 28. Rb8 Kf8 29. Nd5 Rc6 30. Nb6 Rxc4 31. Nxc4 1-0

[Event "Alvise Zichichi mem 7th"]
[Site "Ladispoli"]
[Date "2009.09.20"]
[Round "3"]
[White "Musmarra, Giovanni"]
[Black "Fasulo, Marco"]
[Result "1-0"]
[WhiteElo "1738"]
[BlackElo "1616"]
[PlyCount "35"]
[EventDate "2009.09.19"]
[EventType "swiss"]
[EventRounds "8"]
[EventCountry "ITA"]
[SourceTitle "EXT 2012"]
[Source "ChessBase"]
[SourceDate "2011.11.24"]
[SourceVersion "1"]
[SourceVersionDate "2011.11.24"]
[SourceQuality "1"]

1. e4 e5 2. Bc4 Bc5 3. Nf3 d6 4. d4 exd4 5. Nxd4 Qf6 6. Be3 Nc6 7. c3 Nxd4 8. cxd4 Bb4+ 9. Nc3 c5 10. 0-0 Bxc3 11. bxc3 Bd7 12. Qb3 b6 13. Rad1 Ne7 14. f4 Nc6 15. e5 dxe5 16. fxe5 Na5 17. exf6 Nxb3 18. fxg7 1-0

[Event "Rome Elo op 2nd"]
[Site "Rome"]
[Date "2009.01.28"]
[Round "3"]
[White "Boccardi, Alessandro"]
[Black "Musmarra, Giovanni"]
[Result "1/2-1/2"]
[WhiteElo "1542"]
[BlackElo "1747"]
[PlyCount "66"]
[EventDate "2009.01.14"]
[EventType "swiss"]
[EventRounds "7"]
[EventCountry "ITA"]
[SourceTitle "EXT 2011"]
[Source "ChessBase"]
[SourceDate "2010.11.26"]
[SourceVersion "1"]
[SourceVersionDate "2010.11.26"]
[SourceQuality "1"]

1. e4 e5 2. Nf3 d6 3. d4 exd4 4. Nxd4 Nf6 5. Nc3 g6 6. h3 Bg7 7. Bc4 0-0 8. 0-0 Nxe4 9. Bxf7+ Rxf7 10. Nxe4 Nc6 11. Nxc6 bxc6 12. Bg5 Qd7 13. c3 Qf5 14. Qg4 Qxg4 15. hxg4 Bxg4 16. f3 Be6 17. Rfe1 Bd5 18. Nf2 h6 19. Bh4 g5 20. Bg3 Rb8 21. Re2 Bc4 22. Rc2 Re7 23. b3 Bf7 24. Rac1 Re3 25. Ng4 Rd3 26. Nf2 Re3 27. Ng4 Re7 28. Bf2 a6 29. Bd4 Rbe8 30. Kf2 c5 31. Bxg7 Kxg7 32. c4 h5 33. Nh2 Bg6 1/2-1/2

[Event "Rome Elo op 2nd"]
[Site "Rome"]
[Date "2009.01.21"]
[Round "2"]
[White "Capitani, Roberto"]
[Black "Musmarra, Giovanni"]
[Result "0-1"]
[WhiteElo "1606"]
[BlackElo "1747"]
[PlyCount "64"]
[EventDate "2009.01.14"]
[EventType "swiss"]
[EventRounds "7"]
[EventCountry "ITA"]
[SourceTitle "EXT 2011"]
[Source "ChessBase"]
[SourceDate "2010.11.26"]
[SourceVersion "1"]
[SourceVersionDate "2010.11.26"]
[SourceQuality "1"]

1. e4 e5 2. Nf3 Nc6 3. Bb5 a6 4. Bxc6 dxc6 5. h3 Qd6 6. 0-0 Be6 7. d4 0-0-0 8. Be3 exd4 9. e5 Qb4 10. Bxd4 c5 11. Bc3 Rxd1 12. Bxb4 Rxf1+ 13. Kxf1 cxb4 14. Nbd2 Bc5 15. Rd1 Ne7 16. b3 Rd8 17. Ng5 h6 18. Nxe6 fxe6 19. Ke2 Nd5 20. Ke1 Nc3 21. Rc1 Bxf2+ 22. Kxf2 Rxd2+ 23. Kf3 Nxa2 24. Rf1 Rxc2 25. Kg3 Rc3+ 26. Kh4 Rxb3 27. Rf8+ Kd7 28. Rf7+ Kc6 29. Rxg7 Re3 30. Rg6 Rxe5 31. Rxh6 b3 32. Rf6 b2 0-1

[Event "Rome Elo op 1st"]
[Site "Rome"]
[Date "2008.11.26"]
[Round "7"]
[White "D'Amico, Salvatore"]
[Black "Musmarra, Giovanni"]
[Result "0-1"]
[WhiteElo "1910"]
[BlackElo "1725"]
[PlyCount "52"]
[EventDate "2008.10.15"]
[EventType "swiss"]
[EventRounds "7"]
[EventCountry "ITA"]
[SourceTitle "EXT 2011"]
[Source "ChessBase"]
[SourceDate "2010.11.26"]
[SourceVersion "1"]
[SourceVersionDate "2010.11.26"]
[SourceQuality "1"]

1. e4 e5 2. Nf3 Nc6 3. d4 exd4 4. Nxd4 Bc5 5. Be3 Qf6 6. c3 Nge7 7. Be2 d5 8. Bf3 Qe5 9. Nxc6 Nxc6 10. Bxc5 dxe4 11. Bxe4 Qxc5 12. 0-0 Be6 13. Na3 0-0 14. Qf3 Ne5 15. Qg3 c6 16. Nc2 Rad8 17. Nd4 Nc4 18. Nxe6 fxe6 19. Qh3 g6 20. Qxe6+ Kh8 21. b4 Qb5 22. Qh3 Kg7 23. Bd3 Qd5 24. Rad1 b5 25. Qh4 Nb2 26. Bxg6 Qxd1 0-1

[Event "Rome Elo op 1st"]
[Site "Rome"]
[Date "2008.11.19"]
[Round "6"]
[White "Musmarra, Giovanni"]
[Black "Di Dario, Dario"]
[Result "1/2-1/2"]
[WhiteElo "1725"]
[BlackElo "1622"]
[PlyCount "62"]
[EventDate "2008.10.15"]
[EventType "swiss"]
[EventRounds "7"]
[EventCountry "ITA"]
[SourceTitle "EXT 2011"]
[Source "ChessBase"]
[SourceDate "2010.11.26"]
[SourceVersion "1"]
[SourceVersionDate "2010.11.26"]
[SourceQuality "1"]

1. e4 e5 2. Nf3 Nc6 3. Bc4 Nf6 4. d3 Bc5 5. Nc3 0-0 6. 0-0 d6 7. h3 a6 8. Bg5 h6 9. Bh4 Na5 10. Nd5 g5 11. Nxg5 Nxd5 12. Qh5 Qf6 13. Nh7 Qg6 14. Qxg6+ fxg6 15. Nxf8 Nxc4 16. dxc4 Nf4 17. Be7 Kf7 18. g3 Nxh3+ 19. Kg2 Kxe7 20. Nxg6+ Kf7 21. Nh4 Ng5 22. Rh1 Nxe4 23. Nf3 Nxf2 24. Rxh6 Kg7 25. Rh4 Bd7 26. Rf1 Ng4 27. Rfh1 Ne3+ 28. Kh2 Ng4+ 29. Kg2 Ne3+ 30. Kh2 Ng4+ 31. Kg2 Ne3+ 1/2-1/2

[Event "Rome Elo op 1st"]
[Site "Rome"]
[Date "2008.10.29"]
[Round "3"]
[White "Boccardi, Alessandro"]
[Black "Musmarra, Giovanni"]
[Result "1-0"]
[WhiteElo "1494"]
[BlackElo "1725"]
[PlyCount "59"]
[EventDate "2008.10.15"]
[EventType "swiss"]
[EventRounds "7"]
[EventCountry "ITA"]
[SourceTitle "EXT 2011"]
[Source "ChessBase"]
[SourceDate "2010.11.26"]
[SourceVersion "1"]
[SourceVersionDate "2010.11.26"]
[SourceQuality "1"]

1. e4 e5 2. Nf3 Nc6 3. Bb5 a6 4. Bxc6 dxc6 5. d4 exd4 6. Qxd4 Qd6 7. h3 Be6 8. Qxd6 cxd6 9. Nc3 Nf6 10. Nd4 0-0-0 11. Bg5 Be7 12. 0-0-0 h6 13. Be3 d5 14. e5 Nd7 15. f4 c5 16. f5 cxd4 17. fxe6 Nxe5 18. Bxd4 Bf6 19. exf7 Bg5+ 20. Kb1 Nxf7 21. Rhf1 Rd7 22. Bxg7 Rg8 23. Bd4 Bd8 24. Rg1 Ng5 25. Be3 Rg6 26. Rxd5 Rdg7 27. Rgd1 Bf6 28. Bxg5 Rxg5 29. Rxg5 Bxc3 30. Rxg7 1-0

[Event "Rome Accademia op 10"]
[Site "Rome"]
[Date "2008.10.18"]
[Round "4"]
[White "Musmarra, Giovanni"]
[Black "Marzio, Mario"]
[Result "0-1"]
[WhiteElo "1725"]
[BlackElo "1469"]
[PlyCount "96"]
[EventDate "2008.10.17"]
[EventType "swiss"]
[EventRounds "5"]
[EventCountry "ITA"]
[SourceTitle "EXT 2011"]
[Source "ChessBase"]
[SourceDate "2010.11.26"]
[SourceVersion "1"]
[SourceVersionDate "2010.11.26"]
[SourceQuality "1"]

1. e4 e5 2. Bc4 Nf6 3. Nc3 d6 4. d3 Bg4 5. Nf3 Be7 6. h3 Bh5 7. g4 Bg6 8. Bg5 h6 9. Bxf6 Bxf6 10. Qe2 Bg5 11. Nxg5 Qxg5 12. Qe3 Qxe3+ 13. fxe3 Nd7 14. 0-0-0 0-0-0 15. Rhf1 Rhf8 16. Nd5 Rde8 17. Rf2 c6 18. Nc3 b5 19. Bb3 Nc5 20. h4 Nxb3+ 21. axb3 f6 22. Ne2 Bf7 23. Ng3 Be6 24. Nf5 Bxf5 25. exf5 d5 26. e4 d4 27. c3 c5 28. Rc2 Kb7 29. Rg1 dxc3 30. bxc3 Rd8 31. Rd2 Rd7 32. g5 hxg5 33. hxg5 Rfd8 34. gxf6 gxf6 35. Kc2 c4 36. bxc4 bxc4 37. Rgd1 cxd3+ 38. Rxd3 Rxd3 39. Rxd3 Rxd3 40. Kxd3 Kc6 41. Kc4 a5 42. Kb3 Kb5 43. c4+ Kc5 44. Kc3 a4 45. Kd3 a3 46. Kc3 a2 47. Kb2 Kxc4 48. Kxa2 Kd3 0-1

[Event "Rome Accademia op 10"]
[Site "Rome"]
[Date "2008.10.17"]
[Round "1"]
[White "De Carolis, Massimo"]
[Black "Musmarra, Giovanni"]
[Result "1-0"]
[WhiteElo "1973"]
[BlackElo "1725"]
[PlyCount "57"]
[EventDate "2008.10.17"]
[EventType "swiss"]
[EventRounds "5"]
[EventCountry "ITA"]
[SourceTitle "EXT 2011"]
[Source "ChessBase"]
[SourceDate "2010.11.26"]
[SourceVersion "1"]
[SourceVersionDate "2010.11.26"]
[SourceQuality "1"]

1. e4 e5 2. Nf3 Nc6 3. Bb5 a6 4. Ba4 Nf6 5. 0-0 Be7 6. Re1 b5 7. Bb3 0-0 8. c3 d5 9. exd5 Nxd5 10. Nxe5 Nxe5 11. Rxe5 c6 12. d4 Bd6 13. Re1 Qh4 14. g3 Qh3 15. Re4 Bg4 16. Rxg4 Nf6 17. Rh4 Qf5 18. Bc2 Qe6 19. Bg5 h6 20. Bxf6 Qxf6 21. Nd2 g5 22. Ne4 Qg7 23. Rh5 Be7 24. Qd3 f5 25. Bb3+ Kh8 26. Nd2 Qg6 27. g4 Kg7 28. Re1 Bd6 29. Re6 1-0

[Event "Rome Primavera Accademia op"]
[Site "Rome"]
[Date "2007.05.13"]
[Round "4"]
[White "Vignato, Giovanni"]
[Black "Musmarra, Giovanni"]
[Result "1/2-1/2"]
[WhiteElo "2050"]
[BlackElo "1717"]
[PlyCount "78"]
[EventDate "2007.05.11"]
[EventType "swiss"]
[EventRounds "5"]
[EventCountry "ITA"]
[SourceTitle "EXT 2010"]
[Source "ChessBase"]
[SourceDate "2010.11.25"]
[SourceVersion "1"]
[SourceVersionDate "2010.11.25"]
[SourceQuality "1"]

1. c4 e6 2. d4 d5 3. Nc3 Nf6 4. Bg5 Be7 5. e3 0-0 6. Nf3 Nbd7 7. Bd3 c6 8. 0-0 dxc4 9. Bxc4 Nd5 10. Bxe7 Qxe7 11. Bxd5 exd5 12. Qc2 Re8 13. Rfc1 Nf8 14. a3 Ng6 15. b4 a6 16. Rab1 Bg4 17. Nd2 Qd7 18. Rb3 Bf5 19. Qb2 Rac8 20. a4 Re7 21. b5 axb5 22. axb5 c5 23. Na4 cxd4 24. exd4 Rxc1+ 25. Qxc1 Qe8 26. Nf1 Re1 27. Qd2 Re2 28. Re3 Rxe3 29. Nxe3 Be6 30. Qb4 Qc8 31. Qc5 Qa8 32. Nc3 Qa1+ 33. Ned1 Nf4 34. Qd6 g6 35. h3 Qc1 36. Qb8+ Kg7 37. Qe5+ Kg8 38. Qb8+ Kg7 39. Qe5+ Kg8 1/2-1/2

[Event "Rome Primavera Accademia op"]
[Site "Rome"]
[Date "2007.05.12"]
[Round "2"]
[White "Caprio, Guido"]
[Black "Musmarra, Giovanni"]
[Result "1-0"]
[WhiteElo "1934"]
[BlackElo "1717"]
[PlyCount "85"]
[EventDate "2007.05.11"]
[EventType "swiss"]
[EventRounds "5"]
[EventCountry "ITA"]
[SourceTitle "EXT 2010"]
[Source "ChessBase"]
[SourceDate "2010.11.25"]
[SourceVersion "1"]
[SourceVersionDate "2010.11.25"]
[SourceQuality "1"]

1. e4 e5 2. Bc4 Nf6 3. d3 Be7 4. Nc3 d6 5. f4 Be6 6. f5 Bxc4 7. dxc4 Nc6 8. Be3 Qd7 9. Qf3 g6 10. 0-0-0 gxf5 11. exf5 Rg8 12. Nge2 Rg4 13. h3 Rxc4 14. b3 Rb4 15. a3 Rh4 16. g3 Rd4 17. Nxd4 exd4 18. Bxd4 Nxd4 19. Rxd4 c5 20. Rd2 0-0-0 21. g4 d5 22. g5 Ne8 23. f6 Bd6 24. Nxd5 c4 25. b4 Qa4 26. Kb2 Kb8 27. Rhd1 Rc8 28. Nc3 Qa6 29. Qd5 Qb6 30. Qb5 Qxb5 31. Nxb5 Bf4 32. Rd5 a6 33. Nd4 c3+ 34. Kb3 Bd2 35. Nf3 Bf4 36. R1d3 Nc7 37. Rd7 Nb5 38. Rxf7 Bc1 39. a4 Na3 40. Rdd7 Rc4 41. Rxb7+ Kc8 42. Rbe7 Kd8 43. Rf8# 1-0